| 000 | 00394nam a2200145Ia 4500 | ||
|---|---|---|---|
| 008 | 231129s2003||||xx |||||||||||||| ||spa|| | ||
| 020 | _a958-30-1069-3 | ||
| 040 | _bspa | ||
| 082 | _a745.72 Q7p | ||
| 100 | _aQuintero Ovalle Zandra | ||
| 245 | 0 | _aPintura sobre yeso. La llegada del bebé | |
| 260 | _c2003 | ||
| 264 | _aPanamericana | ||
| 942 |
_2ddc _cBKS |
||
| 999 |
_c22778 _d22778 |
||